Viajes ii; españa e italia. /

Guardado en:
Autor Principal: Sarmiento, Domingo Faustino
Formato: Libro
Publicado: Buenos Aires : Vaccaro, 1922
Series:La Cultura Argentina
Materias:
Etiquetas: Agregar Etiqueta
Sin Etiquetas, Sea el primero en etiquetar este registro!
LEADER 00561nam a22001935a 4500
001 CEM.cems005829
005 20060214000000.0
008 130507s1922##################000#0#####d
003 CEMS
082 0 4 |a A868.2 
100 1 |a Sarmiento, Domingo Faustino 
245 1 0 |a Viajes ii; españa e italia. / 
260 |a Buenos Aires :  |b Vaccaro,  |c 1922 
300 |a 239 p. 
490 0 |a La Cultura Argentina 
653 |a Cuento argentino (1827-1888) 
653 |a Literatura 
653 |a Literatura argentina 
859 |a CEMS  |b BIB. CEMS - 11 de abril  |h A868.2  |i Sa74-41  |p 10600.81  |t Ej.1